<?xml version="1.0" encoding="UTF-8"?>
<record
    xmlns:xsi="http://www.w3.org/2001/XMLSchema-instance"
    xsi:schemaLocation="http://www.loc.gov/MARC21/slim http://www.loc.gov/standards/marcxml/schema/MARC21slim.xsd"
    xmlns="http://www.loc.gov/MARC21/slim">

  <leader>01709nam a22003737a 4500</leader>
  <controlfield tag="005">20220624103448.0</controlfield>
  <controlfield tag="008">160120b        mx ||||| |||| 00| 0 spa d</controlfield>
  <datafield tag="020" ind1=" " ind2=" ">
    <subfield code="a">9786078228300o.c.</subfield>
  </datafield>
  <datafield tag="050" ind1="0" ind2="4">
    <subfield code="a">HV550.M6</subfield>
    <subfield code="b">B53 2013</subfield>
  </datafield>
  <datafield tag="110" ind1="2" ind2=" ">
    <subfield code="a">Biblioteca B&#xE1;sica de Seguridad Ciudadana.</subfield>
  </datafield>
  <datafield tag="245" ind1=" " ind2=" ">
    <subfield code="a">&#xBF;Qu&#xE9; es la seguridad ciudadana? </subfield>
    <subfield code="c">compilador Marcos Pablo Moloeznik ; presentaci&#xF3;n Miguel &#xC1;ngel Mancera Espinosa.</subfield>
  </datafield>
  <datafield tag="250" ind1=" " ind2=" ">
    <subfield code="a">1a ed.</subfield>
  </datafield>
  <datafield tag="260" ind1=" " ind2=" ">
    <subfield code="a">M&#xE9;xico :</subfield>
    <subfield code="b">Escuela de Administraci&#xF3;n P&#xFA;blica del Distrito Federal,</subfield>
    <subfield code="c">c2013</subfield>
  </datafield>
  <datafield tag="300" ind1=" " ind2=" ">
    <subfield code="a">6 T. ;</subfield>
    <subfield code="c">21 cm.</subfield>
  </datafield>
  <datafield tag="490" ind1="0" ind2=" ">
    <subfield code="a">Biblioteca b&#xE1;sica de seguridad ciudadana</subfield>
  </datafield>
  <datafield tag="505" ind1="1" ind2="0">
    <subfield code="r">Marcos Pablo Moloeznik, comp. --</subfield>
    <subfield code="t">&#xBF;Qu&#xE9; es la seguridad ciudadana? /</subfield>
    <subfield code="g">V.1.</subfield>
  </datafield>
  <datafield tag="505" ind1="1" ind2="0">
    <subfield code="r">Guillermo Zepeda, comp. --</subfield>
    <subfield code="t">Sistema penal acusatorio /</subfield>
    <subfield code="g">V.2.</subfield>
  </datafield>
  <datafield tag="505" ind1="1" ind2="0">
    <subfield code="r">Eduardo Guerrero, comp. --</subfield>
    <subfield code="t">Inteligencia policial /</subfield>
    <subfield code="g">V.3.</subfield>
  </datafield>
  <datafield tag="505" ind1="1" ind2="0">
    <subfield code="r">Rub&#xE9;n Vasconcelos, comp. --</subfield>
    <subfield code="t">Investigaci&#xF3;n de los delitos y combate a la impunidad /</subfield>
    <subfield code="g">V.4.</subfield>
  </datafield>
  <datafield tag="505" ind1="1" ind2="0">
    <subfield code="r">Rub&#xE9;n Vasconcelos</subfield>
    <subfield code="t">Investigaci&#xF3;n de los delitos y combate a la impunidad</subfield>
  </datafield>
  <datafield tag="505" ind1="1" ind2="0">
    <subfield code="r">Mario Arroyo, comp. --</subfield>
    <subfield code="t">Prevenci&#xF3;n del delito</subfield>
    <subfield code="g">V.5.</subfield>
  </datafield>
  <datafield tag="505" ind1="1" ind2="0">
    <subfield code="r">Alfredo Rodr&#xED;guez, comp. </subfield>
    <subfield code="t">Sistemas de supervisi&#xF3;n y control de la corrupci&#xF3;n policial</subfield>
    <subfield code="g">V.6.</subfield>
  </datafield>
  <datafield tag="650" ind1=" " ind2="4">
    <subfield code="2">Lemb</subfield>
    <subfield code="a">Seguridad ciudadana</subfield>
    <subfield code="z">M&#xE9;xico</subfield>
  </datafield>
  <datafield tag="650" ind1=" " ind2="7">
    <subfield code="2">Lemb</subfield>
    <subfield code="a">Procedimiento penal</subfield>
    <subfield code="z">M&#xE9;xico</subfield>
  </datafield>
  <datafield tag="650" ind1=" " ind2="7">
    <subfield code="2">Lemb</subfield>
    <subfield code="a">Policia</subfield>
    <subfield code="z">M&#xE9;xico</subfield>
  </datafield>
  <datafield tag="650" ind1=" " ind2="7">
    <subfield code="2">Lemb</subfield>
    <subfield code="a">Prevenci&#xF3;n del delito</subfield>
    <subfield code="z">M&#xE9;xico</subfield>
  </datafield>
  <datafield tag="700" ind1="1" ind2=" ">
    <subfield code="a">Moloeznik, Marcos Pablo,</subfield>
    <subfield code="e">comp.</subfield>
  </datafield>
  <datafield tag="700" ind1="1" ind2=" ">
    <subfield code="a">Zepeda, Guillermo, </subfield>
    <subfield code="e">comp.</subfield>
  </datafield>
  <datafield tag="700" ind1="1" ind2=" ">
    <subfield code="a">Guerrero, Eduardo,</subfield>
    <subfield code="e">comp.</subfield>
  </datafield>
  <datafield tag="700" ind1="1" ind2=" ">
    <subfield code="a">Vasconcelos, Rub&#xE9;n,</subfield>
    <subfield code="e">comp.</subfield>
  </datafield>
  <datafield tag="700" ind1="1" ind2=" ">
    <subfield code="a">Arroyo, Mario, </subfield>
    <subfield code="e">comp.</subfield>
  </datafield>
  <datafield tag="700" ind1="1" ind2=" ">
    <subfield code="a">Rodr&#xED;guez, Alfredo,</subfield>
    <subfield code="e">comp.</subfield>
  </datafield>
  <datafield tag="942" ind1=" " ind2=" ">
    <subfield code="2">lcc</subfield>
    <subfield code="c">LIB</subfield>
  </datafield>
  <datafield tag="999" ind1=" " ind2=" ">
    <subfield code="c">111422</subfield>
    <subfield code="d">111422</subfield>
  </datafield>
  <datafield tag="952" ind1=" " ind2=" ">
    <subfield code="1">0</subfield>
    <subfield code="2">lcc</subfield>
    <subfield code="4">0</subfield>
    <subfield code="7">0</subfield>
    <subfield code="a">LIC-002</subfield>
    <subfield code="b">LIC-002</subfield>
    <subfield code="c">GENERAL</subfield>
    <subfield code="d">2016-01-20</subfield>
    <subfield code="e">DON</subfield>
    <subfield code="f">1a ed.</subfield>
    <subfield code="k">CSA</subfield>
    <subfield code="o">HV550.M6 B53 2013 </subfield>
    <subfield code="p">BFD000007203</subfield>
    <subfield code="r">2016-01-20 00:00:00</subfield>
    <subfield code="t">T.1 C:1</subfield>
    <subfield code="v">1.00</subfield>
    <subfield code="y">LIB</subfield>
  </datafield>
  <datafield tag="952" ind1=" " ind2=" ">
    <subfield code="1">0</subfield>
    <subfield code="2">lcc</subfield>
    <subfield code="4">0</subfield>
    <subfield code="7">0</subfield>
    <subfield code="a">LIC-002</subfield>
    <subfield code="b">LIC-002</subfield>
    <subfield code="c">GENERAL</subfield>
    <subfield code="d">2016-01-20</subfield>
    <subfield code="e">DON</subfield>
    <subfield code="f">1a ed.</subfield>
    <subfield code="k">CSA</subfield>
    <subfield code="o">HV550.M6 B53 2013</subfield>
    <subfield code="p">BFD000007204</subfield>
    <subfield code="r">2016-01-20 00:00:00</subfield>
    <subfield code="t">T.2.C:1</subfield>
    <subfield code="v">1.00</subfield>
    <subfield code="y">LIB</subfield>
  </datafield>
  <datafield tag="952" ind1=" " ind2=" ">
    <subfield code="1">0</subfield>
    <subfield code="2">lcc</subfield>
    <subfield code="4">0</subfield>
    <subfield code="7">0</subfield>
    <subfield code="a">LIC-002</subfield>
    <subfield code="b">LIC-002</subfield>
    <subfield code="c">GENERAL</subfield>
    <subfield code="d">2016-01-20</subfield>
    <subfield code="e">DON</subfield>
    <subfield code="f">1a ed.</subfield>
    <subfield code="k">CSA</subfield>
    <subfield code="o">HV550.M6 B53 2013 </subfield>
    <subfield code="p">BFD000007205</subfield>
    <subfield code="r">2016-01-20 00:00:00</subfield>
    <subfield code="t">T.3 C:1</subfield>
    <subfield code="v">1.00</subfield>
    <subfield code="y">LIB</subfield>
  </datafield>
  <datafield tag="952" ind1=" " ind2=" ">
    <subfield code="1">0</subfield>
    <subfield code="2">lcc</subfield>
    <subfield code="4">0</subfield>
    <subfield code="7">0</subfield>
    <subfield code="a">LIC-002</subfield>
    <subfield code="b">LIC-002</subfield>
    <subfield code="c">GENERAL</subfield>
    <subfield code="d">2016-01-20</subfield>
    <subfield code="e">DON</subfield>
    <subfield code="f">1a ed.</subfield>
    <subfield code="k">CSA</subfield>
    <subfield code="o">HV550.M6 B53 2014 </subfield>
    <subfield code="p">BFD000007206</subfield>
    <subfield code="r">2016-01-20 00:00:00</subfield>
    <subfield code="t">T.4 C:1</subfield>
    <subfield code="v">1.00</subfield>
    <subfield code="y">LIB</subfield>
  </datafield>
  <datafield tag="952" ind1=" " ind2=" ">
    <subfield code="1">0</subfield>
    <subfield code="2">lcc</subfield>
    <subfield code="4">0</subfield>
    <subfield code="7">0</subfield>
    <subfield code="a">LIC-002</subfield>
    <subfield code="b">LIC-002</subfield>
    <subfield code="c">GENERAL</subfield>
    <subfield code="d">2016-01-20</subfield>
    <subfield code="e">DON</subfield>
    <subfield code="f">1a ed.</subfield>
    <subfield code="k">CSA</subfield>
    <subfield code="o">HV550.M6 B53 2014 </subfield>
    <subfield code="p">BFD000007207</subfield>
    <subfield code="r">2016-01-20 00:00:00</subfield>
    <subfield code="t">T.5 C:1</subfield>
    <subfield code="v">1.00</subfield>
    <subfield code="y">LIB</subfield>
  </datafield>
  <datafield tag="952" ind1=" " ind2=" ">
    <subfield code="1">0</subfield>
    <subfield code="2">lcc</subfield>
    <subfield code="4">0</subfield>
    <subfield code="7">0</subfield>
    <subfield code="a">LIC-002</subfield>
    <subfield code="b">LIC-002</subfield>
    <subfield code="c">GENERAL</subfield>
    <subfield code="d">2016-01-20</subfield>
    <subfield code="e">DON</subfield>
    <subfield code="f">1a ed.</subfield>
    <subfield code="k">CSA</subfield>
    <subfield code="o">HV550.M6 B53 2014 </subfield>
    <subfield code="p">BFD000007208</subfield>
    <subfield code="r">2016-01-20 00:00:00</subfield>
    <subfield code="t">T.6 C:1</subfield>
    <subfield code="v">1.00</subfield>
    <subfield code="y">LIB</subfield>
  </datafield>
</record>
